Ľudovít Pavlo

Bibliographic Details
Main Author: Bielik, František, 1928- (Author)
Format: Article
Language:Slovak
PhysicalDescription:Fotogr. 1
ISSN:0862-8823
Subjects:

MARC

LEADER 00000nab a2200000 a 4500
001 vtls000561017
003 SK-MaSNL
005 20260304055617.0
008 120929c xo 0 slo
015 |a SNBRB19rr/mm-uuuuu 
035 |a CL0561155 
040 |a SNKBUCL  |b slo  |c SNKBUCL  |e AACR2 
041 0 |a slo 
044 |a xo  |c SK 
080 |a 61-051  |2 1981 
080 |a 323.113(73=854)  |2 1981 
080 |a 929 Pavlo, Ľudovít  |2 1981 
100 1 |a Bielik, František,  |d 1928-  |4 aut  |9 9430 
245 1 0 |a Ľudovít Pavlo  |c František Bielik 
300 |b Fotogr. 1 
600 1 7 |a Pavlo, Ľudovít,  |d 1925-2014  |2 snkbucl  |9 163117 
650 0 7 |a Slováci v zahraničí  |2 snkbucl  |9 14695 
651 7 |a Spojené štáty americké  |2 snkbucl  |9 18262 
655 7 |a články z novín a časopisov  |2 snkbucl  |9 267496 
773 0 |t Slovenské národné noviny  |g Roč. 6 (10), č. 27 (1995), s. 4  |x 0862-8823 
850 |a Slovenská národná knižnica v Martine  |a MTA001 
852 |a SNK  |b KIS3GCP 
958 |a BX 
958 |a SK 
958 |a US 
958 |a ME 
992 |a RBX 
999 |c 2725513  |d 2727443